00716nam a2200241 a 4500001001300000003000900013005001700022008004100039020002300080082001600103100002100119245002900140260004000169300000900209500003500218505002400253650002700277700002100304902000800325942000700333952011700340999001700457nice12345678IN_TiNIC20260116014702.0100119s2010 newa grp 000 0 eng  a9789380096735c80000a305.4bBHA2 aBhandari, Ramesh aWomen Rights and Welfare aNew Delhi bAlfa Publication c2010 a280p aincludes index and biblioraphy2 aBibliography, Index aWomen and Human Rights1 aBhandari, Ramesh bSRS cBK 001040708StackRoom-aHMIbHMId2010-01-19g800.00l0o305.4 BHA2p023110r2010-01-19v800.00w2010-01-19yBK c16465d16465